Estudios de la Insolvencia del País Vasco : Jornadas Vitoria (25-26 Octubre 2024) : profundización en la regulación introducida por la Ley 16/2022, de 5 de septiembre, de reforma del Texto refundido de la Ley concursal /

שמור ב:
מידע ביבליוגרפי
מחבר תאגידי: Jornadas "Estudios de la Insolvencia del País Vasco" Vitoria-Gasteiz
מחברים אחרים: Herbosa Martínez, Inmaculada (coordinador.), Martín Osante, José Manuel (coordinador.)
פורמט: Conference Proceeding ספר אלקטרוני
שפה:ספרדית
יצא לאור: Madrid : Aranzadi La Ley, 2025.
נושאים:
גישה מקוונת:https://elibro.unach.elogim.com/es/lc/unach/titulos/285534
תגים: הוספת תג
אין תגיות, היה/י הראשונ/ה לתייג את הרשומה!

MARC

LEADER 00000nam a2200000 i 4500
001 ELB285534
003 FINmELB
005 20250822104337.0
006 m o u
007 cr cn|||||||||
008 250822s2025 sp ob 000 0 spa d
020 |z 9788410850484 
035 |a (OCoLC)1538592627 
040 |a FINmELB  |b spa  |e rda  |c FINmELB 
050 1 4 |a KKT811  |b J829 2025 
080 |a 347.736(460) 
082 0 4 |a 346.46077  |2 23 
111 2 |a Jornadas "Estudios de la Insolvencia del País Vasco"  |n (3a. :  |d 2024 :  |c Vitoria-Gasteiz),  |j autor. 
245 1 0 |a Estudios de la Insolvencia del País Vasco :  |b Jornadas Vitoria (25-26 Octubre 2024) : profundización en la regulación introducida por la Ley 16/2022, de 5 de septiembre, de reforma del Texto refundido de la Ley concursal /  |c Inmaculada Herbosa Martínez, José Manuel Martín Osante (coordinadores). 
264 1 |a Madrid :  |b Aranzadi La Ley,  |c 2025. 
300 |a 1 recurso en línea (586 páginas) 
336 |a texto  |b txt  |2 rdamedia/spa 
337 |a computadora  |b c  |2 rdamedia/spa 
338 |a recurso en línea  |b cr  |2 rdacarrier/spa 
504 |a Contiene bibliografía. 
588 |a Descripción basada en metadatos suministrados por el editor y otras fuentes. 
590 |a Recurso electrónico. Santa Fe, Arg.: elibro, 2025. Disponible vía World Wide Web. El acceso puede estar limitado para las bibliotecas afiliadas a elibro. 
650 4 |a Deudores y acreedores  |z España. 
650 4 |a Quiebra  |z España. 
650 4 |a Concurso de acreedores  |z España. 
650 4 |a Derecho concursal  |z España  |v Congresos. 
655 4 |a Libros electrónicos. 
700 1 |a Herbosa Martínez, Inmaculada,  |e coordinador. 
700 1 |a Martín Osante, José Manuel,  |e coordinador. 
797 2 |a elibro, Corp. 
856 4 0 |u https://elibro.unach.elogim.com/es/lc/unach/titulos/285534